Geografía 1 - Estadísticas

Estadísticas generales
  • Esta prueba ha sido intentada 77 veces
  • La puntuación promedio es 9 de 15
Estadísticas de respuestas
Pregunta Respuesta % Correcto
El país más pequeño del mundo Ciudad del Vaticano
100%
País que se independizó de Indonesia en el 2002 Timor Oriental
100%
País con las mayores estrellas Michelin Francia
90%
País con el PBI per cápita más bajo del mundo Burundi
80%
Con más medallas olímpicas Estados Unidos
80%
La última dictadura en Europa Bielorrusia
70%
Último país en adherirse a la OTAN Macedonia del Norte
70%
El país más joven del mundo Sudan del Sur
70%
El país más pequeño de Asia Maldivas
60%
País que fue a la guerra con Ecuador en 1995 Perú
50%
La primera nación del mundo San Marino
50%
País de nacimiento de Freddy Mercury Tanzania
40%
País de nacimiento de Gardel Francia
20%
Primer país en legalizar la marihuana Uruguay
10%
El mayor exportador de litio Australia
0%
No se encontraron pruebas coincidentes
Distribución de puntuación
Porcentaje de gente con cada puntuación
Porcentaje por número respondido
Historial de tus puntuaciones
No has intentado esta prueba.